| 000 | 01566nam a22002657a 4500 | ||
|---|---|---|---|
| 001 | 3676 | ||
| 003 | FISKH | ||
| 005 | 20250509093143.0 | ||
| 008 | 240409b cb ||||| |||| 00| 0 eng d | ||
| 020 | _a9789996363504 | ||
| 040 |
_aFISKH _bkhr _cFISKH _dFISKH |
||
| 050 | _aPZ7 | ||
| 082 | _a808.543 | ||
| 100 | _aNipoern, Chheng | ||
| 245 |
_aរឿងចុងភៅច្រមុះធំ / _cរឿងនិទានៈ បរទេស ; រៀបរៀង និងចងក្រងដោយៈ ឆេង និព័ន្ធ ; រូបភាពដោយៈ សេង វិសាល |
||
| 260 |
_aភ្នំពេញ : _bគ្រិះស្ថានបោះពុម្ពនិងចែកផ្សាយនៃក្រសួងអប់រំ យុវជន និងកីឡា, _c២០១១. |
||
| 300 |
_a51 pages : _bcolor illustrations ; _c21 cm |
||
| 520 | _aរឿងចុងភៅច្រមុះធំ ជាសៀវភៅរឿងនិទានអប់រំសម្រាប់ថ្នាក់មធ្យមសិក្សា ដើម្បីហ្វឹកហាត់ផ្នែកអំណានបន្ថែមនៅផ្ទះ ។ | ||
| 520 | _aBig Nose Chef is an educational storybook for high school students to practice extra reading at home. | ||
| 650 |
_aច្រមុះធំ _xរឿងនិទាន |
||
| 650 |
_aBig Nose _xStory Teller |
||
| 700 |
_aVisal, _eSeng illustrator |
||
| 942 |
_2ddc _cKHB _n0 |
||
| 999 |
_c3676 _d3676 |
||